| 000 | 00523nam a2200169 4500 | ||
|---|---|---|---|
| 001 | 145453 | ||
| 003 | ES-MaACL | ||
| 005 | 20230906201233.0 | ||
| 007 | t| | ||
| 008 | 070214s1929 sp r ||||1| spa d | ||
| 100 | 1 |
_aSperanski, Valentin. _9107697 |
|
| 245 | 1 | 3 |
_aLa noche roja _b: el trágico fin de Nicolás II y su familia / _cValentin Speranski ; traducción de Augusto Riera. |
| 260 |
_aBarcelona : _bCosta, _c1929. |
||
| 300 |
_a294 p. ; _c21 cm. |
||
| 700 | 1 |
_aRiera, Augusto. _997100 |
|
| 852 |
_aES-MaACL _jF-4100 |
||
| 999 |
_c145453 _d145453 |
||